| 000 | 00360 a2200109 4500 | ||
|---|---|---|---|
| 001 | ART_6805 | ||
| 005 | 20260410161719.0 | ||
| 008 | 260409a | ||
| 245 | 1 | 0 | _a"Décimo aniversario de la Ley de Auditoría de Cuentas" - España |
| 100 | 1 | _aGómez Círia, Antonio | |
| 773 | 0 |
_tContabilidad y auditoría _g- Año 4, Nº 8 (dic. 1998) _wREV1723 |
|
| 999 |
_c16814 _d16814 |
||